| 000 | 00987cam a22003011 4500 | ||
|---|---|---|---|
| 999 |
_c20378 _d20378 |
||
| 001 | 4065158 | ||
| 003 | BDDh-ASL | ||
| 005 | 20231015025900.0 | ||
| 008 | 711216s1967 pk b 000 0 eng | ||
| 010 | _asa 68004963 | ||
| 025 | _aPL480:P-E-1389 | ||
| 040 |
_aDLC _cDLC _dDLC _dBDDh-ASL |
||
| 043 | _aa-ii--- | ||
| 050 | 0 | 0 |
_aDS475.1 _b.A34 |
| 082 |
_a297.0925 _bHAM |
||
| 100 | 0 |
_aAbdul Hamid _c(Professor) |
|
| 245 | 1 | 0 |
_aMuslim separatism in India: _ba brief survey, 1858-1947/ |
| 260 |
_aLahore: _bOxford University Press, _c1967. |
||
| 300 |
_axv, 263, xi p. _c22 cm. |
||
| 350 | _aRs12.50 | ||
| 500 | _a"Published under the auspices of the Social Sciences Research Centre, University of the Panjab." | ||
| 504 | _aBibliography: p. 262-263. | ||
| 650 | 0 |
_aMuslims _zIndia. |
|
| 651 | 0 |
_aIndia _xPolitics and government. |
|
| 710 | 2 |
_aUniversity of the Punjab. _bSocial Sciences Research Centre. |
|
| 906 |
_a7 _bcbc _corignew _du _encip _f19 _gy-gencatlg |
||
| 942 |
_2ddc _cBK |
||